00758nam a2200181 a 4500008004100000020001500041041000800056100001300064245003300077250015000110260002700260300001500287500007000302653004600372653004500418653003700463653007600500120223s1983 sp ||||f |||| 001 0 spa d a8485285581 aspa1 aZaun, H. aPatología unguealcH. Zaun a1a ed. en español de la obra original en alemánbTraducción T. Amat Puértolas ; Revisión de la edición española X. Sierra Valentí aBarcelonabDoymac1983 a87 p.bil. aZaun, H. (1983). Patología ungueal. (1a ed.). Barcelona: Doyma. aBases diagnósticas de las onicopatías aAlteraciones patológicas de las uñas aTratamiento de las onicopatías aImportancia de las alteraciones ungueales para el diagnóstico general